Southville International School and Colleges
Your cart is empty.
  • Cart
  • Lists
    Public lists Eva Luna New books Lux_list list_1
    Your lists Log in to create your own lists
  • Log in to your account
  • Your cookies
  • Search history
Southville International School and Colleges
  • Advanced search
  • Recent comments
  • Most popular
  • Libraries

Log in to your account

Log in with GOOGLE


If you do not have an external account, but do have a local account, you can still log in:

  1. Home
  2. MARC view: The sleeping giant of Goll /
Normal view MARC view ISBD view

The sleeping giant of Goll / (Record no. 34194)

[ view plain ]
MARC details
000 -LEADER
fixed length control field 01325cam a22003853a 4500
001 - CONTROL NUMBER
control field 12582507
003 - CONTROL NUMBER IDENTIFIER
control field OSt
005 - DATE AND TIME OF LATEST TRANSACTION
control field 20140310184419.0
008 - FIXED-LENGTH DATA ELEMENTS--GENERAL INFORMATION
fixed length control field 000207s2000 nyua j 000 1 eng d
010 ## - LIBRARY OF CONGRESS CONTROL NUMBER
LC control number 2001579514
020 ## - INTERNATIONAL STANDARD BOOK NUMBER
International Standard Book Number 9780590108447
035 ## - SYSTEM CONTROL NUMBER
System control number (OCoLC)ocm43413944
040 ## - CATALOGING SOURCE
Original cataloging agency OCO
Transcribing agency OCO
Modifying agency DLC
042 ## - AUTHENTICATION CODE
Authentication code lccopycat
050 00 - LIBRARY OF CONGRESS CALL NUMBER
Classification number PZ 7
Item number .Ab154Sl 2000
100 1# - MAIN ENTRY--PERSONAL NAME
Personal name Abbott, Tony,
Dates associated with a name 1952-
9 (RLIN) 26537
245 14 - TITLE STATEMENT
Title The sleeping giant of Goll /
Statement of responsibility, etc by Tony Abbott ; illustrated by Tim Jessell.
260 ## - PUBLICATION, DISTRIBUTION, ETC. (IMPRINT)
Place of publication, distribution, etc New York :
Name of publisher, distributor, etc Scholastic,
Date of publication, distribution, etc 2000
300 ## - PHYSICAL DESCRIPTION
Extent 91 p. :
Other physical details ill. ;
Dimensions 19 cm.
490 0# - SERIES STATEMENT
Series statement The secrets of Droon ;
Volume number/sequential designation #6
500 ## - GENERAL NOTE
General note "A Little Apple paperback."
520 ## - SUMMARY, ETC.
Summary, etc The evil Lord Sparr has used magic to wake up a sleeping giant! Now Eric, Julie, and Neal must join forces with a brave dragon and the Oobja people of Panjibarrh to help save their Droonian friends.
521 ## - TARGET AUDIENCE NOTE
Target audience note
526 ## - STUDY PROGRAM INFORMATION NOTE
Reading level 380
562 ## - COPY AND VERSION IDENTIFICATION NOTE
Number of copies 2
650 ## - SUBJECT ADDED ENTRY--TOPICAL TERM
Topical term or geographic name as entry element Magic
General subdivision Juvenile fiction.
9 (RLIN) 26538
650 ## - SUBJECT ADDED ENTRY--TOPICAL TERM
Topical term or geographic name as entry element Magic
General subdivision Fiction.
9 (RLIN) 26539
651 ## - SUBJECT ADDED ENTRY--GEOGRAPHIC NAME
Geographic name Fantasy.
9 (RLIN) 20927
710 2# - ADDED ENTRY--CORPORATE NAME
Corporate name or jurisdiction name as entry element Copyright Paperback Collection (Library of Congress)
Institution to which field applies DLC
9 (RLIN) 705
906 ## - LOCAL DATA ELEMENT F, LDF (RLIN)
a 7
b cbc
c copycat
d 2
e ncip
f 20
g y-genrareb
942 ## - ADDED ENTRY ELEMENTS (KOHA)
Source of classification or shelving scheme Library of Congress Classification
Koha item type
Holdings
Withdrawn status Lost status Source of classification or shelving scheme Damaged status Home library Current library Shelving location Date acquired Total Checkouts Full call number Barcode Date last seen Copy number Price effective from Koha item type
    Library of Congress Classification   Luxembourg Library Luxembourg Library Scholastic Reading Center Section 10/08/2013   PZ 7 .Ab154Sl 2000 LEX2197 04/18/2017 1 10/08/2013 Books
    Library of Congress Classification   Luxembourg Library Luxembourg Library Scholastic Reading Center Section 10/08/2013   PZ 7 .Ab154Sl 2000 LEX2182 04/18/2017 2 10/08/2013 Books

The sleeping giant of Goll /

APA

Abbott T., Copyright Paperback Collection (Library of Congress), . (2000). The sleeping giant of Goll. New York: Scholastic.

Chicago

Abbott Tony, Copyright Paperback Collection (Library of Congress), . 2000. The sleeping giant of Goll. New York: Scholastic.

Harvard

Abbott T., Copyright Paperback Collection (Library of Congress), . (2000). The sleeping giant of Goll. New York: Scholastic.

MLA

Abbott Tony, Copyright Paperback Collection (Library of Congress), . The sleeping giant of Goll. New York: Scholastic. 2000.

  • Place hold
  • Print
  • Cite
  • Add to your cart (remove)
  • Save record
    BIBTEX Dublin Core MARCXML MARC (non-Unicode/MARC-8) MARC (Unicode/UTF-8) MARC (Unicode/UTF-8, Standard) MODS (XML) RIS
  • More searches
    Search for this title in:
    Other Libraries (WorldCat) Other Databases (Google Scholar) Online Stores (Bookfinder.com) Open Library (openlibrary.org)

Exporting to Dublin Core...

SOUTHVILLE LIBRARY

Southville International School and Colleges Library

1281 Tropical Ave. Cor. Luxembourg St., BF Homes International, Las Pinas City

Tel. No. 8256374 / 252358 Loc. 117/146

Powered by Koha